Tell Basta : ein Führer über das Grabungsgelände /

محفوظ في:

المؤلف الرئيسي: Tietze, Christian.

مؤلفون آخرون: Abd El-Maksoud, Mohamed., Bakr, Mohamed I.

التنسيق: كتاب

اللغة: German

منشور في: Potsdam : Universitätsverlag, c2004.

الموضوعات:

الوسوم: إضافة وسم

لا توجد وسوم, كن أول من يضع وسما على هذه التسجيلة!

رقم الطلب: ( P )DT73 .B8 T54 2004

LEADER 00952nam a2200253Ia 4500
003 OSt
005 20240708094029.0
008 050624s2004 gw ab 000 0 ger d
952 |0 0  |1 0  |2 lcc  |4 0  |7 1  |9 43800  |a ARCE  |b ARCE  |d 2022-11-24  |l 0  |o ( P )DT73 .B8 T54 2004  |p 1026904  |r 2022-11-24 00:00:00  |w 2022-11-24  |y BK 
999 |c 50257  |d 50257 
020 |a 3937786139 (pbk.) 
040 |c ARCE Library 
050 4 |a ( P )DT73 .B8 T54 2004 
100 1 |a Tietze, Christian. 
245 1 0 |a Tell Basta :   |b ein Führer über das Grabungsgelände /   |c Christian Tietze, Mohamed Abd El Maksoud ; unter Mitarbeit von Mohamed I. Bakr ... [et al.]. 
264 1 |a Potsdam :   |b Universitätsverlag,   |c c2004. 
300 |a 49 p. :   |b ill. (some col.), maps ;   |c 22 cm. 
651 0 |a Bubastis Site (Egypt). 
651 0 |a Egypt -- Antiquities. 
651 0 |a Egypt -- Bubastis Site. 
700 1 |a Abd El-Maksoud, Mohamed. 
700 1 |a Bakr, Mohamed I. 
901 |a reviewed 
942 |2 lcc  |c BK